00541nam a22001457a 4500008004100000020001800041082001100059100002300070245005200093260005200145300000900197942000800206999001500214952016600229260530b |||||||| |||| 00| 0 eng d a9789381275252 a001917 aH. V. Nagaraja Rao aDarshana Sahitya Kshetra Karnatakasya Yogadanam aBangalorebPoorna Prajna Samshodhan Trustc2013 a264p 2ddc c1494d1494 00102ddc406001917_0000000000000007091849aKSUbKSUcGENd2025-03-06ePoornaprajna Samshodhana Mandirami12237l0o001917p001917r2026-05-30w2026-05-30yBK